000
00329nam a22001457a 4500
008
230413b ||||| |||| 00| 0 eng d
020
_a
6117745
041
_a
eng
080
_2
SIXTH EDITION
_a
72
082
_a
72HIL
100
_a
20
101
_a
NDERTIM
245
_a
WATER SUPPLY ENGINEERING
_c
McGRAW HILL
942
_2
udc
_c
BK
999
_c
59532
_d
59532